000 00628nam a2200241Ia 4500
003 OSt
005 20220918223529.0
006 a|||||r|||| 00| 0
007 ta
008 220917b |||||||| |||| 00| 0 eng d
024 _a223,239
037 _cTextual
040 _aARTS
_cARTS
_beng
041 _2eng
_aeng
082 _aV2.M, P2.1-.2
100 _aElphinstone Mountstuart
_9101857
245 0 _aHistory of India
260 _aNew Delhi
_bAtlantic pub.
_c2002
300 _a374p
_ccm.
650 _aHISTORY
942 _hV2.M, P2.1-.2
_cTEXL
_2CC
999 _c278704
_d278704